000 00603cam a2200193 4500500
005 20260329003531.0
041 _afre
042 _adc
100 1 0 _aUngerer, Tomi
_eauthor
245 0 0 _aLes humains vont-ils réussir à aller habiter sur une autre planète ?
260 _c2015.
500 _a8
690 _aEnfance
690 _aphilo
690 _aphilosophie
690 _aTomi Ungerer
786 0 _nPhilosophie magazine | 95 | 12-1 | 2015-12-01 | p. 2-2 | 1951-1787
856 4 1 _uhttps://shs.cairn.info/magazine-philosophie-magazine-2015-12-1-page-2?lang=fr&redirect-ssocas=7080
999 _c1825380
_d1825380